[Event "Toscolano op"]
[Site "Toscolano"]
[Date "1996.??.??"]
[Round "4"]
[White "Corvi, Marco"]
[Black "Rossi, Giampiero"]
[Result "1-0"]
[WhiteElo "2185"]
[BlackElo "2105"]

1.c4 e6 2.Nf3 d5 3.b3 Nf6 4.Bb2 Be7 5.g3 O-O 6.Bg2 Nbd7 7.O-O c6 8.d3 b6
9.Nbd2 Bb7 10.e3 Rc8 11.Qe2 Qc7 12.Rac1 Qb8 13.Rfd1 Rfd8 14.cxd5 cxd5 15.Nd4 Rxc1
16.Rxc1 Rc8 17.Qd1 Ne8 18.Bh3 Nf8 19.f4 g6 20.N2f3 Rxc1 21.Qxc1 Qc7 22.Kf2 Qxc1
23.Bxc1 Nc7 24.Ne5 Bf6 25.Ba3 Bxe5 26.fxe5 Ba6 27.Ke2 Nb5 28.Nxb5 Bxb5 29.Kd2 Nd7
30.Bd6 Kg7 31.Kc3 Bc6 32.Bf1 Bb5 33.Bh3 Bc6 34.Kb4 a5+ 35.Kc3 Bb5 36.Kd4 Ba6
37.Bg2 Bb7 38.Bf3 Bc6 39.Be2 Bb5 40.Kc3 Ba6 41.a4 f6 42.exf6+ Kxf6 43.Bf3 Bb7
44.d4 Bc6 45.Bd1 Kf7 46.Be2 Ke8 47.Bc7 Ke7 48.Ba6 Ke8 49.Bc8 g5 50.Bxd7+ Kxd7
51.Bxb6 g4 52.Bxa5 Kd6 53.Kb4 Be8 54.Bd8 Kc6 55.Ka5 Kb7 56.b4 Bg6 57.Be7 Bc2
58.b5 Bd3 59.Kb4 Be2 60.a5  1-0

[Event "Ubeda op"]
[Site "Ubeda"]
[Date "1996.??.??"]
[Round "?"]
[White "Anastasian, Ashot"]
[Black "Cifuentes Parada, Roberto"]
[Result "1-0"]
[WhiteElo "2520"]
[BlackElo "2490"]

1.c4 e6 2.Nf3 d5 3.g3 c6 4.b3 a5 5.a3 Nf6 6.Bg2 b5 7.cxb5 cxb5 8.O-O Bb7
9.Bb2 b4 10.a4 Be7 11.d3 O-O 12.Nbd2 Nbd7 13.Rc1 Nc5 14.Bxf6 gxf6 15.d4 Nd7
16.Re1 f5 17.e3 Qb6 18.Bf1 Rac8 19.Bb5 Rxc1 20.Qxc1 Rc8 21.Qb1 Qc7 22.Qd3 Bd6
23.Qf1 Nf6 24.Qh3 Kg7 25.Qf1 Ne4 26.Nxe4 fxe4 27.Nh4 Qe7 28.Qe2 Rc3 29.Rb1 Bc8
30.Ba6 Bxa6 31.Qxa6 Qc7 32.Qf1 Rc2 33.Qd1 Kh8 34.Ng2 Qc6 35.Ne1 Rc3 36.Ng2 Bb8
37.Nf4 Bxf4 38.gxf4 f6 39.Qh5 Qd7 40.Kh1 Rc2 41.Qh4 Qf7 42.Rg1 Rc3 43.f5 exf5
44.Qf4 Rc8 45.Qxf5 Rg8 46.Rg3 h6 47.h4 Rxg3 48.fxg3 h5 49.Kg2 Kg7 50.g4 hxg4
51.Qxg4+ Kh6 52.Qf5 Qg8+ 53.Kh3 Qf7 54.Qf4+ Kh5 55.Qg4+ Kh6 56.Qf5 Kg7 57.h5 Kh6
58.Kh4 Kg7 59.Qf4 Kh7 60.Kg4 Kg7 61.Qf5 Kh6 62.Kh4 Kg7 63.Qf4 Kh7 64.Qg3 Kh6
65.Qg4 Qe8 66.Qf4+ Kg7 67.Qd6 Qf7 68.Qd8 Qe6 69.Qxa5 Qd6 70.Qa7+ Kg8 71.Qa8+ Kg7
72.Qb7+ Kg8 73.Qc8+ Kg7 74.Qg4+ Kf8 75.Qg3 Qe7 76.h6 f5+ 77.Qg5  1-0

[Event "AUT-chT qual"]
[Site "Vienna"]
[Date "1996.??.??"]
[Round "1"]
[White "Duer, Arne"]
[Black "Plank, Franz"]
[Result "1/2-1/2"]
[WhiteElo "2400"]
[BlackElo "2270"]

1.c4 e6 2.Nf3 d5 3.g3 Nd7 4.b3 Ngf6 5.Bg2 Bd6 6.O-O O-O 7.Bb2 Re8 8.Nc3 dxc4
9.bxc4 e5 10.Qc2 c6 11.e3 Bf8 12.Rad1 Qc7 13.Ng5 h6 14.Nge4 Nxe4 15.Nxe4 Nc5
16.Nxc5 Bxc5 17.d4 exd4 18.exd4 Bf8 19.d5 cxd5 20.Bxd5 Be6 21.Qb3 Rac8 22.Rd2 b6
23.Qf3 Rcd8 24.h4 Rd7 25.Rfd1 Red8 26.Rd4 Bxd5 27.cxd5 Bd6 28.Rc1 Qb8 29.Re4 Re7
30.Rce1 Rxe4 31.Rxe4 Re8 32.Rg4 Be5 33.Ba3 Rd8 34.d6 Qc8 35.Kh2 Qe6 36.Re4 Qf6
37.Qe2 Bxd6 38.Re8+ Rxe8 39.Qxe8+ Kh7 40.Bxd6 Qxf2+ 41.Kh3 Qf1+ 42.Kh2 Qf2+
43.Kh3 Qf1+  1/2-1/2

[Event "Vitinia op"]
[Site "Vitinia"]
[Date "1996.??.??"]
[Round "?"]
[White "Corvi, Marco"]
[Black "Farina, Saverio"]
[Result "1-0"]
[WhiteElo "2215"]
[BlackElo "2170"]

1.c4 e6 2.Nf3 d5 3.b3 c5 4.Bb2 Nc6 5.g3 d4 6.Bg2 e5 7.d3 Nge7 8.Nbd2 Ng6
9.h4 Be7 10.h5 Nf8 11.a3 a5 12.Qc2 Bf5 13.Nh4 Bxh4 14.Rxh4 Ne6 15.Bc1 h6
16.Bd5 Nf4 17.Bf3 O-O 18.Ne4 Bxe4 19.Bxe4 Ne6 20.Bd2 f5 21.Bd5 Qf6 22.O-O-O Kh8
23.Rdh1 a4 24.b4 cxb4 25.axb4 a3 26.Qa2 Nc7 27.Bxc6 Qxc6 28.Kb1 e4 29.b5 Nxb5
30.cxb5 Qxb5+ 31.Ka1 exd3 32.Rb1 Qa6 33.Rxd4 Rad8 34.Bc3 dxe2 35.Qd2 Rxd4
36.Qxd4 Qf6 37.Qxf6 gxf6 38.Re1 Re8 39.Ka2 f4 40.Bxf6+ Kg8 41.gxf4 Re4 42.Be5 Kf7
43.Kxa3 Ke6 44.Kb2 Kf5 45.f3 Re3 46.Kc2 Rxf3 47.Rxe2 Rh3  1-0

[Event "Werfen op-A"]
[Site "Werfen"]
[Date "1996.??.??"]
[Round "2"]
[White "Bezold, Michael"]
[Black "Kniest, Oliver"]
[Result "1/2-1/2"]
[WhiteElo "2495"]
[BlackElo "2170"]

1.c4 e6 2.Nf3 d5 3.b3 Nf6 4.g3 c5 5.Bg2 Nc6 6.O-O Be7 7.e3 O-O 8.Bb2 b6 9.Nc3 Bb7
10.Ne2 dxc4 11.bxc4 Qc7 12.Nf4 Rad8 13.Qe2 Rd7 14.e4 Nd4 15.Nxd4 cxd4 16.e5 Bxg2
17.Nxg2 d3 18.Qf3 Ne8 19.Rac1 f6 20.exf6 Bxf6 21.Bxf6 Nxf6 22.Nf4 Re8 23.Nxd3 e5
24.Qe3 Qd6 25.Rc3 e4 26.Nf4  1/2-1/2

[Event "Werfen op-A"]
[Site "Werfen"]
[Date "1996.??.??"]
[Round "4"]
[White "Knoll, Hermann"]
[Black "Poppe, Heiko"]
[Result "1/2-1/2"]
[WhiteElo "2250"]
[BlackElo "1995"]

1.Nf3 e6 2.c4 d5 3.g3 Bd6 4.Bg2 c6 5.O-O f5 6.cxd5 exd5 7.d3 Nf6 8.Nc3 O-O
9.e4 dxe4 10.dxe4 Bc5 11.Qb3+ Kh8 12.exf5 Qb6 13.Qc2 Ng4 14.Na4 Bxf2+ 15.Rxf2 Qxf2+
16.Qxf2 Nxf2 17.Kxf2 Bxf5 18.Bf4 Nd7 19.Re1 Rae8 20.Rxe8 Rxe8 21.Nd4 Be4
22.Bh3 Ne5 23.Nc5 Nd3+ 24.Nxd3 Bxd3 25.b4 b6 26.Be3 c5 27.bxc5 bxc5 28.Ne6 Bc4
29.Nxc5 Bxa2 30.Bf1 a5 31.Bd3 Bd5 32.Bd2 Ra8 33.Bb5 Rc8 34.Be3 Bc6 35.Bc4 Rb8
36.Bd2 a4 37.Bc3 Bb5 38.Bd5 Rc8 39.Bd4 Bc6 40.Ba2 Bb5 41.Ke3 Re8+ 42.Kf4 Rf8+
43.Kg5 h6+ 44.Kg4 Be2+ 45.Kh3 Bf1+ 46.Kh4 Kh7 47.Bb1+ Kg8 48.Nxa4 Be2 49.Bg6 Rf1
50.Nc5 Rd1 51.Be3 Rd6 52.Be4 g5+ 53.Bxg5 hxg5+ 54.Kxg5 Kg7 55.Bf5 Bc4 56.h4 Bf7
57.h5 Bxh5  1/2-1/2

[Event "Owens Corning"]
[Site "Wrexham"]
[Date "1996.??.??"]
[Round "?"]
[White "Csom, Istvan"]
[Black "Dunnington, Angus J"]
[Result "1/2-1/2"]
[WhiteElo "2460"]
[BlackElo "2450"]

1.c4 e6 2.Nf3 d5 3.b3 Nf6 4.Bb2 c5 5.e3 Nc6 6.cxd5 exd5 7.Be2 Be7 8.O-O O-O
9.d4 Ne4 10.dxc5 Bxc5 11.Nc3 Be6 12.Rc1 Be7 13.Nb5 Rc8 14.h3 Qa5 15.a3 a6
16.b4 Qb6 17.Nbd4 Bf6 18.Nxc6 Rxc6 19.Rxc6 Qxc6 20.Nd4 Qd7 21.Bd3 Nd6 22.Nxe6 fxe6
23.Bxf6 Rxf6 24.Qh5 g6 25.Qe5 Rf8 26.Rc1 Nf7 27.Qc7 Qxc7 28.Rxc7 Ne5 29.Be2 Rf7
30.Rc5 Kg7 31.b5 axb5 32.Bxb5 Kf6 33.Rc2 Re7 34.a4 Nf7 35.Kf1 Nd6 36.Ke2 Rf7
37.Kd3 e5 38.f3 Ke6 39.Ke2 Rf8 40.Rc7 Rf7 41.Rc1 Rf8 42.Rc7 Rf7 43.Rc1 Rf8  1/2-1/2

[Event "Owens Corning"]
[Site "Wrexham"]
[Date "1996.??.??"]
[Round "?"]
[White "Csom, Istvan"]
[Black "Murugan, Krishnamoorthy"]
[Result "1/2-1/2"]
[WhiteElo "2460"]
[BlackElo "2430"]

1.c4 e6 2.Nf3 d5 3.g3 Nf6 4.Bg2 Be7 5.O-O O-O 6.b3 a5 7.Nc3 c6 8.d4 b6 9.Qc2 Ba6
10.Rd1 b5 11.c5 b4 12.Na4 Nbd7 13.a3 Bb5 14.axb4 axb4 15.Bb2 Qb8 16.Ne1 Bd8
17.Nd3 Bc7 18.Qd2 Ba5 19.Ra2 Ne4 20.Qc2 Qb7 21.Rda1 Ra6 22.f3 Nef6 23.Bc1 Rfa8
24.Nab2 Bc7 25.Rxa6 Rxa6 26.Rxa6 Bxa6 27.Bf4 Ba5 28.Qd2 Ne8 29.Qe1 Bb5 30.Bf1 f6
31.Bd2 e5 32.e3 e4 33.fxe4 dxe4 34.Nf4 f5 35.Qa1 Bc7 36.Bxb5 Qxb5 37.Nc4 Bxf4
38.gxf4 Qb7 39.Qa5 Ndf6 40.Qb6 Qf7  1/2-1/2

[Event "Owens Corning"]
[Site "Wrexham"]
[Date "1996.??.??"]
[Round "?"]
[White "Davies, Nigel R"]
[Black "Dunnington, Angus J"]
[Result "1-0"]
[WhiteElo "2500"]
[BlackElo "2450"]

1.c4 e6 2.Nf3 d5 3.d4 c6 4.g3 dxc4 5.Bg2 b5 6.a4 Bb7 7.Ne5 a6 8.O-O f6 9.Ng4 h5
10.Ne3 h4 11.b3 hxg3 12.hxg3 cxb3 13.Qxb3 Kf7 14.Nc3 Nd7 15.Ne4 Rb8 16.axb5 Bc8
17.Nc4 axb5 18.Ncd6+ Bxd6 19.Nxd6+ Kf8 20.Ba3 c5 21.dxc5 Ne5 22.c6 Ne7 23.Rfc1  1-0

[Event "Oberliga Wuert9697"]
[Site "Wuerttemberg"]
[Date "1996.??.??"]
[Round "?"]
[White "Hoffmann, Hans"]
[Black "Migl, Dieter"]
[Result "1/2-1/2"]
[WhiteElo "2195"]
[BlackElo "2255"]

1.c4 e6 2.Nf3 d5 3.b3 Nf6 4.Bb2 Be7 5.g3 O-O 6.Bg2 b6 7.cxd5 Nxd5 8.O-O Bb7
9.d4 Nd7 10.Nbd2 c5 11.dxc5 Nxc5 12.a3 Bf6 13.Ne5 Nd7 14.Ndf3 Nxe5 15.Nxe5 Rc8
16.Rc1 Rxc1 17.Qxc1 Qd6 18.Nc4 Qe7 19.e4 Bxb2 20.Qxb2 Nf6 21.e5 Bxg2 22.exf6 Qb7
23.fxg7 Rd8 24.Rc1 Bh3 25.Ne3 Qd7 26.Qe2 Qd2 27.Qxd2 Rxd2 28.Ng2 e5 29.Ne3 Kxg7
30.Nc4 Re2 31.a4 Kf6 32.b4 Ra2 33.a5 bxa5 34.Nxa5 Rb2 35.Nc6 Bd7 36.Kg2 Ke6
37.Rc5 f6 38.Nxa7 Rxb4  1/2-1/2

[Event "Yalta op"]
[Site "Yalta"]
[Date "1996.??.??"]
[Round "9"]
[White "Muhtarov, Leonid"]
[Black "Poliakov, M."]
[Result "1-0"]
[WhiteElo "2200"]
[BlackElo "2400"]

1.c4 e6 2.Nf3 d5 3.d4 c6 4.Qc2 Nf6 5.g3 Be7 6.Bg2 O-O 7.O-O Re8 8.Nbd2 Nbd7
9.b3 dxc4 10.Nxc4 c5 11.dxc5 Bxc5 12.Rd1 Qe7 13.a3 a5 14.Bb2 h6 15.Nd4 Nb6
16.Ne5 Nbd5 17.Nb5 Bd7 18.Nxd7 Qxd7 19.Qxc5 Rac8 20.Qd4 Qxb5 21.Bxd5 exd5
22.Qd3 Qxd3 23.Rxd3 Ne4 24.Rxd5 Rc2 25.Bd4 Rxe2 26.Re5  1-0

[Event "Yerevan ol (Men)"]
[Site "Yerevan"]
[Date "1996.??.??"]
[Round "3"]
[White "Azmaiparashvili, Zurab"]
[Black "Mitkov, Nikola"]
[Result "1-0"]
[WhiteElo "2670"]
[BlackElo "2470"]

1.c4 e6 2.Nf3 d5 3.g3 dxc4 4.Qa4+ Nd7 5.Qxc4 a6 6.d4 Ngf6 7.Bg5 h6 8.Bxf6 Nxf6
9.Bg2 b5 10.Qc2 Bb7 11.O-O Rc8 12.a4 b4 13.Rd1 Be7 14.Ne1 Bxg2 15.Nxg2 c5
16.dxc5 Qc7 17.Qc4 Qb7 18.Nd2 Rxc5 19.Qd3 O-O 20.Nb3 Rd5 21.Qf3 Rxd1+ 22.Rxd1 Qxf3
23.exf3 Rc8 24.Ne3 Kf8 25.f4 g6 26.Kf1 Ke8 27.Rd4 Rc7 28.Ke2 Nd7 29.Rc4 Kd8
30.Nd4 Bc5 31.a5 e5 32.Ndc2 b3 33.Nb4 exf4 34.Rxf4 Bxb4 35.Rxb4 Rc5 36.Nc4 Ne5
37.Nd2 Rxa5 38.Nxb3 Rb5 39.Rxb5 axb5 40.Nd4 Nc4 41.b3 Nd6 42.Ke3 Ke7 43.Kd3 h5
44.Nc2 Ke6 45.Kd4 g5 46.f3 g4 47.f4 Nb7 48.b4 f6 49.Ne3 f5 50.Nd5 Nd6 51.Nc3 Ne4
52.Nxe4  1-0

[Event "Yerevan ol (Men)"]
[Site "Yerevan"]
[Date "1996.??.??"]
[Round "4"]
[White "Pineda, Boris"]
[Black "Rodgaard, John"]
[Result "1/2-1/2"]
[WhiteElo "2230"]
[BlackElo "2375"]

1.c4 e6 2.Nf3 d5 3.b3 Nf6 4.e3 Bd6 5.Be2 O-O 6.O-O Nbd7 7.Nc3 a6 8.d4 b6
9.Nd2 Bb7 10.Bf3 c5 11.Bb2 cxd4 12.exd4 Rc8 13.Re1 Rc7 14.a4 dxc4 15.Bxb7 Rxb7
16.Nxc4 Bb4 17.Qf3 Rc7 18.Red1 Qa8 19.Qg3 Qb8 20.d5 Bxc3 21.Bxc3 exd5 22.Rxd5 Rxc4
23.bxc4 Qxg3 24.fxg3 Nxd5 25.cxd5  1/2-1/2

[Event "Yerevan ol (Women)"]
[Site "Yerevan"]
[Date "1996.??.??"]
[Round "11"]
[White "Ioseliani, Nana"]
[Black "Hunt, Harriet"]
[Result "1/2-1/2"]
[WhiteElo "2500"]
[BlackElo "2315"]

1.c4 e6 2.Nf3 d5 3.g3 Nf6 4.Bg2 dxc4 5.Qa4+ c6 6.Qxc4 b5 7.Qc2 Bb7 8.O-O Be7
9.d4 O-O 10.Nc3 Qb6 11.e4 Nbd7 12.e5 Nd5 13.Bg5 Bb4 14.Ne4 Rfc8 15.Rac1 c5
16.Nd6 Rc7 17.Nxb7 Qxb7 18.a3 cxd4 19.Qe4 Bf8 20.Nxd4 Rac8 21.Rxc7 Rxc7 22.Re1 a6
23.Qg4 N7b6 24.h4 Qc8 25.h5 b4 26.axb4 Nxb4 27.Be4 Rc4 28.Rd1 N6d5 29.Bb1 Qe8
30.Qe2 Qc8 31.Qf3 Qc5 32.Nb3 Qc7 33.Qe2 g6 34.hxg6 hxg6 35.Na5 Rc5 36.Nb3 Rc4
37.Bd8 Qc8 38.Bg5 Qc7  1/2-1/2

[Event "Yerevan ol (Men)"]
[Site "Yerevan"]
[Date "1996.??.??"]
[Round "12"]
[White "Kaenel, Hansjuerg"]
[Black "Silva, Fernando"]
[Result "0-1"]
[WhiteElo "2405"]
[BlackElo "2375"]

1.c4 e6 2.Nf3 d5 3.b3 Nf6 4.Bb2 b6 5.e3 Bb7 6.Be2 Be7 7.O-O O-O 8.d3 c5 9.Nbd2 Nc6
10.a3 Rc8 11.Ra2 Ne8 12.Qa1 Bf6 13.Bxf6 Nxf6 14.b4 Qe7 15.Ne5 Rfd8 16.Nxc6 Bxc6
17.bxc5 Qxc5 18.Rc1 dxc4 19.Rxc4 Qg5 20.Bf3 Bxf3 21.Nxf3 Qf5 22.e4 Qb5 23.Rac2 Rxc4
24.Rxc4 Rxd3 25.Rc8+ Ne8 26.Qf1 Kf8 27.Ne5 Rb3 28.Nc4 Qd7 29.Ra8 b5 30.Ne3 Qb7
31.Qd1 Qxa8 32.Qxb3 Qc6 33.Qb4+ Qd6 34.Qxb5 Qxa3 35.h4 Qa1+ 36.Kh2 Qf6 37.Kg3 Qg6+
38.Kh3 Qf6 39.Ng4 Qc3+ 40.f3 Qc7 41.h5 h6 42.Ne5 a6 43.Qb4+ Kg8 44.Nc4 Nf6
45.g4 Nd7 46.Qa4 Nc5 47.Qe8+ Kh7 48.e5 Nd3 49.Qa4 Nxe5 50.Nxe5 Qxe5 51.Qxa6 Qd5
52.Qa3 f5 53.Kg3 Qe5+ 54.Kh3 Qe2 55.Qb3 Qe1 56.Kg2 Qe5 57.Kh3 Kg8 58.Qb7 Qd5
59.Qb8+ Kh7 60.Kg3 Qd3 61.Qe8 fxg4 62.Kxg4 Qf5+ 63.Kg3 g5 64.Qd7+ Kg8 65.Qc8+ Kg7
66.Qc7+ Qf7 67.Qc3+ Qf6 68.Qc7+ Kf8 69.Qc8+ Kf7 70.Qb7+ Qe7 71.Qe4 Qd6+ 72.Kg4 Qf8
73.Qg6+ Ke7 74.Qe4 Qf7 75.Qb4+ Kf6 76.Qe4 Qe8 77.f4 gxf4 78.Qxf4+ Kg7 79.Qe5+ Kh7
80.Kh3 Qc6 81.Kg3 Qc4 82.Kf3 Qd3+ 83.Kf4 Qf1+ 84.Ke4 Qf7 85.Kd4 Kg8 86.Ke3 Qa7+
87.Ke2 Qa2+ 88.Ke1 Qb1+ 89.Ke2 Qf5 90.Qb8+ Kg7 91.Qc7+ Qf7 92.Qg3+ Kh8  0-1

[Event "Yerevan ol (Men)"]
[Site "Yerevan"]
[Date "1996.??.??"]
[Round "13"]
[White "Rodgaard, John"]
[Black "Campos, Eugenio"]
[Result "1/2-1/2"]
[WhiteElo "2375"]
[BlackElo "2255"]

1.c4 e6 2.Nf3 d5 3.d4 c5 4.cxd5 exd5 5.g3 Nc6 6.Bg2 Nf6 7.O-O c4 8.Nc3 Be7
9.Ne5 O-O 10.b3 cxb3 11.Nxc6 bxc6 12.axb3 Bf5 13.Ba3 Re8 14.e3 Qd7 15.Na4 Rad8
16.Nc5 Qc8 17.Qe2 Bg4 18.Qc2 Bh3 19.Rfc1 Bxg2 20.Kxg2 Bf8 21.Bb4 a5 22.Be1 h5
23.h4 Ng4 24.Qe2 g5 25.hxg5 Qf5 26.Bd2 Qxg5 27.Rh1 Re7 28.Rh3 Kg7 29.Qf3 Qg6
30.Rc1  1/2-1/2

[Event "Zalakaros op"]
[Site "Zalakaros"]
[Date "1996.??.??"]
[Round "9"]
[White "Rihtar, Gottfried"]
[Black "Szollosi, Laszlo Jr"]
[Result "0-1"]
[WhiteElo "2170"]
[BlackElo "2225"]

1.c4 e6 2.Nf3 d5 3.d4 Nf6 4.e3 Be7 5.Bd3 O-O 6.O-O a6 7.b3 c5 8.cxd5 exd5
9.dxc5 Bxc5 10.Bb2 Nc6 11.a3 Bd6 12.Nc3 Qe7 13.b4 Rd8 14.h3 Ne5 15.Nxe5 Qxe5
16.f4 Qxe3+ 17.Kh1 Qg3 18.Qf3 Qxf3 19.Rxf3 Bd7 20.Ne2 Ne4 21.g4 Rac8 22.f5 Ng5
23.Rff1 Nxh3 24.Kg2 Ng5 25.Nf4 Re8 26.Bd4 Be5 27.Bxe5 Rxe5 28.Rac1 Bc6 29.b5 axb5
30.Bxb5 d4+ 31.Bxc6 bxc6 32.Rfd1 Re4  0-1

[Event "Zaragoza op"]
[Site "Zaragoza"]
[Date "1996.??.??"]
[Round "7"]
[White "Suba, Mihai"]
[Black "Korneev, Oleg"]
[Result "1/2-1/2"]
[WhiteElo "2565"]
[BlackElo "2590"]

1.c4 e6 2.Nf3 d5 3.d4 Nf6 4.Nc3 c6 5.cxd5 exd5 6.Bg5 Be7 7.Qc2 g6 8.e3 Bf5
9.Bd3 Bxd3 10.Qxd3 O-O 11.O-O Nbd7 12.Rab1 a5 13.Rfc1 Re8 14.Qc2 Bd6 15.a3 Qe7
16.Re1 Qe6 17.Bxf6 Nxf6 18.b4 axb4 19.axb4 b5 20.Ne2 Ra4 21.Nf4 Bxf4 22.exf4 Qd6
23.Rxe8+ Nxe8 24.g3 f6 25.h4 Qd7 26.h5 gxh5 27.Nh4 Nd6 28.Qe2 Qe8 29.Qxe8+ Nxe8
30.Nf5 Kf7 31.Re1 Ra7 32.Kg2 Rd7 33.Kh3 Ng7 34.Nxg7 Kxg7 35.Re6 Ra7 36.Rxc6 Ra4
37.Rc7+ Kg6 38.Rc5 Rxb4 39.Rxd5 Rb2 40.f3 b4 41.f5+ Kh6 42.Rb5 b3 43.f4 Rb1
44.Rb7 b2 45.Kg2 h4 46.g4 h3+ 47.Kh2 Rf1 48.Rxb2 Rxf4 49.Rd2 Rxg4 50.d5 Ra4
51.d6 Ra8 52.Kxh3 Kg5 53.d7 Rd8 54.Rg2+ Kxf5 55.Rg7 h6 56.Re7 h5 57.Kg3 Kg5
58.Rf7 Kf5 59.Re7 Kg5 60.Rf7  1/2-1/2

[Event "Zlin op"]
[Site "Zlin"]
[Date "1996.??.??"]
[Round "?"]
[White "Kolin, Julius"]
[Black "Grno, J."]
[Result "1-0"]
[WhiteElo "2230"]
[BlackElo "1900"]

1.c4 e6 2.Nf3 d5 3.b3 Nf6 4.Bb2 Be7 5.g3 O-O 6.Bg2 c5 7.O-O b6 8.Nc3 Bb7
9.cxd5 exd5 10.d4 Nc6 11.Rc1 Rc8 12.Na4 Ne4 13.dxc5 bxc5 14.Nd2 Nxd2 15.Qxd2 Nb4
16.Nxc5 Rxc5 17.Qd4 f6 18.Rxc5 Bxc5 19.Qxc5 Qb6 20.Qxb6 axb6 21.Ba3 Nxa2
22.Bxf8 Kxf8 23.Ra1 Nc3 24.e3 b5 25.Ra7 Bc6 26.Rc7 Be8 27.Rxc3  1-0

[Event "Weihnachts op"]
[Site "Zuerich"]
[Date "1996.??.??"]
[Round "7"]
[White "Maeser, Fabian"]
[Black "Wyss, Thomas"]
[Result "1-0"]
[WhiteElo "2305"]
[BlackElo "2215"]

1.c4 e6 2.Nf3 d5 3.b3 Nf6 4.g3 c5 5.Bg2 Nc6 6.O-O Be7 7.e3 O-O 8.Bb2 dxc4
9.bxc4 Qc7 10.Nc3 Rd8 11.Qe2 Bd7 12.d3 Be8 13.Rfd1 a6 14.Ne1 Rab8 15.a4 Na5
16.g4 b5 17.axb5 axb5 18.g5 Nd7 19.Nxb5 Qb6 20.Bc3 Nc6 21.h4 Nde5 22.Rab1 Ng6
23.Nf3 Nb4 24.h5 Nf8 25.Qb2 Rxd3 26.Bxg7 Qd8 27.Rxd3 Nxd3 28.Qc3 e5 29.Bxe5 Nxe5
30.Qxe5 f6 31.gxf6 Bxf6 32.Qxc5 Ne6 33.Qf5 Ng7 34.Qe4 Bxh5 35.Ne5 Rb6 36.Qd5+ Qxd5
37.Bxd5+ Kh8 38.Nd7 Ra6 39.Nxf6 Rxf6 40.Rc1 Nf5 41.Be4 Be2 42.Bxf5 Rxf5 43.f4 Rc5
44.Nd6 Kg7 45.Kf2 Bd3 46.Rc3 Bg6 47.e4  1-0

[Event "Enghien Les Bains"]
[Site "Enghien Les Bains"]
[Date "1997.03.16"]
[Round "3"]
[White "Anic, Darko"]
[Black "Rausis, Igors"]
[Result "1/2-1/2"]
[WhiteElo "2470"]
[BlackElo "2470"]

1.c4 e6 2.Nf3 d5 3.g3 Nf6 4.Bg2 Be7 5.O-O O-O 6.b3 b6 7.Bb2 Bb7 8.e3 Nbd7
9.Nc3 a5 10.Qc2 a4 11.Nxa4 dxc4 12.bxc4 Be4 13.d3 Bxd3 14.Qxd3 Rxa4 15.Qc2 Ra5
16.Nd4 Nb8 17.Nb3 Ra6 18.a4 c5 19.Bc3 Qc7 20.a5 Nc6 21.axb6 Rxb6 22.Bxc6 Qxc6
23.Ra7 Qe4 24.Qxe4 Nxe4 25.Nd2 Nxc3 26.Rxe7 Rb2 27.Rd7 Ra8 28.Kg2 f6 29.Rc1 Raa2
30.Rxc3 Rxd2 31.Rxd2 Rxd2 32.Ra3 Rc2 33.Ra4 f5 34.h3 h5 35.h4 Kf7 36.Kf1 Kf6
37.f4 g6 38.Kg1 Re2 39.Ra5 Rxe3 40.Kf2 Rc3 41.Rxc5 Rc2+ 42.Kf3 Rc3+ 43.Kf2 Rc2+  1/2-1/2

[Event "RUS-ch m3-4"]
[Site "Elista"]
[Date "1997.05.21"]
[Round "1.3"]
[White "Balashov, Yuri S"]
[Black "Sveshnikov, Evgeny"]
[Result "1-0"]
[WhiteElo "2510"]
[BlackElo "2560"]

1.c4 e6 2.Nf3 d5 3.e3 Nf6 4.b3 Bd6 5.Bb2 O-O 6.Be2 Qe7 7.O-O c6 8.Nc3 Nbd7
9.Qc2 Ba3 10.Bxa3 Qxa3 11.d4 b6 12.cxd5 exd5 13.Bd3 Bb7 14.Ne5 Qd6 15.f4 Rfe8
16.Rad1 Nf8 17.Qf2 Rac8 18.Rfe1 a6 19.e4 Qb4 20.Rc1 c5 21.Nxd5 Nxd5 22.exd5 cxd4
23.Nc6 Rxe1+ 24.Qxe1 Qxe1+ 25.Rxe1 Bxc6 26.dxc6 Rxc6 27.Bxa6 Ne6 28.f5 Nc7
29.Bc4 Kf8 30.a4 Rc5 31.g4 h5 32.h3 b5 33.axb5 Nxb5 34.Re4 hxg4 35.hxg4 f6
36.Kf2 g6 37.fxg6 Kg7 38.Bd3 Kh6 39.Re7 Rc7 40.Rh7+  1-0

[Event "Shavuot Masters"]
[Site "Tel Aviv"]
[Date "1997.06.10"]
[Round "1"]
[White "Vovsha, Eli"]
[Black "Botvinnik, Ilia"]
[Result "1/2-1/2"]
[WhiteElo "2205"]
[BlackElo "2355"]

1.Nf3 e6 2.c4 d5 3.d4 Nf6 4.Nc3 Be7 5.Bg5 Nbd7 6.e3 h6 7.Bf4 dxc4 8.Bxc4 a6
9.Rc1 b5 10.Bb3 Bb7 11.d5 Nc5 12.dxe6 fxe6 13.Nd4 Kf7 14.O-O Rc8 15.Be5 Nxb3
16.Qxb3 Qd7 17.Rfd1 c5 18.Nf5 Qc6 19.f3 Rhd8 20.Nxe7 Kxe7 21.Qc2 Qe8 22.Ne2 c4
23.Qc3 Rxd1+ 24.Rxd1 Rd8  1/2-1/2

[Event "Politiken Cup"]
[Site "Copenhagen"]
[Date "1997.07.05"]
[Round "1"]
[White "Petersen, Nils"]
[Black "Bezold, Michael"]
[Result "0-1"]
[WhiteElo "2100"]
[BlackElo "2490"]

1.c4 e6 2.Nf3 d5 3.e3 Nf6 4.b3 Be7 5.Bb2 O-O 6.Be2 dxc4 7.bxc4 c5 8.O-O Nc6
9.d4 b6 10.dxc5 Bxc5 11.Qxd8 Rxd8 12.Nbd2 Ba6 13.Nb3 Be7 14.Rfd1 Ne4 15.Nfd4 Nxd4
16.Nxd4 Bf6 17.Bf3 Bb7 18.Rac1 Rac8 19.Ba3 a6 20.Nb3 Rxd1+ 21.Rxd1 Rxc4 22.Bb2 Rc2
23.Bxf6 gxf6 24.Ra1 Rb2 25.Bxe4 Bxe4 26.f3 Bd5 27.e4 Bc4 28.h3 a5 29.Nc1 b5
30.Nb3 a4 31.Nd4 Rd2 32.Nc6 Rxa2 33.Rd1 a3 34.Rd8+ Kg7 35.Ne7 h5 36.Rg8+ Kh7
37.Rf8 e5 38.Nf5 Ra1+ 39.Kf2 a2  0-1

[Event "Politiken Cup"]
[Site "Copenhagen"]
[Date "1997.07.14"]
[Round "9"]
[White "Jakobsen, Ole"]
[Black "Thorfinnsson, Bragi"]
[Result "1-0"]
[WhiteElo "2370"]
[BlackElo "2215"]

1.c4 e6 2.Nf3 d5 3.b3 Nf6 4.g3 Be7 5.Bg2 O-O 6.O-O c5 7.cxd5 Nxd5 8.Bb2 Nc6
9.Nc3 Bf6 10.Qc1 b6 11.Nxd5 exd5 12.d4 Nxd4 13.Nxd4 cxd4 14.Qd2 Ba6 15.Rfe1 d3
16.exd3 Bb7 17.Bxf6 Qxf6 18.d4 Rac8 19.Re5 Qd6 20.Rae1 a5 21.h4 Bc6 22.Qe2 Ra8
23.Kh2 h6 24.Rc1 Rac8 25.Qe3 Rcd8 26.Bh3 Bd7 27.Bxd7 Qxd7 28.Re7 Qd6 29.Rcc7 Qf6
30.Kg2 Rc8 31.Qf3 Rxc7 32.Qxf6 gxf6 33.Rxc7 Re8 34.Rb7 Re6 35.Kf3 Rc6 36.Ke3 Rc2
37.Rxb6 Rxa2 38.Rb5 Rb2 39.f3 Kg7 40.Rxa5 Rxb3+ 41.Kf4 Rb1 42.Rxd5 Re1 43.g4 Re2
44.h5 Re6 45.Kf5 Re3 46.Kf4 Re1 47.Rd6 Re2 48.Rc6 Re1 49.Rc3 Rd1 50.Ke4 f5+
51.gxf5 Kf6 52.d5 Re1+ 53.Kf4 Rd1 54.Rc6+ Ke7 55.Rc7+ Kf6 56.Rc6+ Ke7 57.Rxh6 Rxd5
58.Ra6 Rd1 59.f6+ Kd7 60.Kg5 Rh1 61.f4 Rg1+ 62.Kf5 Rh1 63.Kg5 Rg1+ 64.Kh6 Rg4
65.f5 Rh4 66.Ra7+ Ke8 67.Ra8+  1-0

[Event "Komercni Banka op"]
[Site "Pardubice"]
[Date "1997.07.19"]
[Round "3"]
[White "Jirovsky, Milos"]
[Black "Gasthofer, Viktor"]
[Result "1-0"]
[WhiteElo "2480"]
[BlackElo "2350"]

1.c4 e6 2.Nf3 d5 3.g3 Nf6 4.Bg2 Be7 5.O-O O-O 6.b3 b6 7.Bb2 Bb7 8.d3 c5 9.Nbd2 Nc6
10.a3 Qd7 11.Ra2 d4 12.b4 cxb4 13.axb4 Nxb4 14.Ra1 Nc6 15.Qa4 Rfd8 16.Rfb1 Qc7
17.Ba3 Bxa3 18.Qxa3 Rab8 19.Ne1 Na5 20.Bxb7 Rxb7 21.Nc2 e5 22.f3 h5 23.Rb5 Nc6
24.Rab1 g6 25.Ne4 Nxe4 26.fxe4 Kg7 27.Qb2 Rbb8 28.Ne1 Re8 29.Nf3 Qe7 30.Qa2 Qe6
31.Kg2 Kg8 32.Rd5 Kg7 33.Qa4 f6 34.h3 Red8 35.Rg1 Rdc8 36.Kf2 Rc7 37.g4 hxg4
38.Rxg4 Ne7 39.Rb5 Kf7 40.Rxe5 Qd6 41.Rb5 Rh8 42.Kg2 Nc6 43.Qa2 Kf8 44.c5 bxc5
45.Nh4 Rxh4 46.Rxh4 Kg7 47.Qd5 Qxd5 48.exd5 Ne5 49.d6 Rd7 50.Rxc5 Rxd6 51.Rc7+ Nf7
52.Re4 f5 53.Ree7 Rf6 54.Rxa7 g5 55.Red7 Kg6 56.Rxd4 Re6 57.Kf2 Ne5 58.Rda4 g4
59.R7a6  1-0

[Event "AUT-ch"]
[Site "Moesern"]
[Date "1997.08.04"]
[Round "3"]
[White "Stanec, Nikolaus"]
[Black "Hoelzl, Franz"]
[Result "1-0"]
[WhiteElo "2465"]
[BlackElo "2440"]

1.c4 e6 2.Nf3 d5 3.b3 c5 4.g3 d4 5.Bg2 g6 6.b4 cxb4 7.d3 Nc6 8.O-O Bg7 9.a3 b3
10.Nbd2 Nge7 11.Nxb3 O-O 12.a4 b6 13.Ba3 Bb7 14.a5 Rb8 15.axb6 axb6 16.Nbd2 Re8
17.Qc2 Qc7 18.Rfb1 Nc8 19.Ra2 Nd8 20.Bc1 e5 21.Ng5 Bxg2 22.Kxg2 h6 23.Ngf3 Ne6
24.Ba3 Ra8 25.Bb4 Rxa2 26.Qxa2 Nc5 27.Bxc5 bxc5 28.Qa6 Re7 29.Rb5 Bf8 30.Ne4 Re6
31.Qa5 Qxa5 32.Rxa5 Rc6 33.Nxe5 Rc7  1-0

[Event "MK Cafe op-A"]
[Site "Koszalin"]
[Date "1997.08.05"]
[Round "4"]
[White "Ferenc, Jozef"]
[Black "Loeffler, Stefan"]
[Result "0-1"]
[WhiteElo "2280"]
[BlackElo "2400"]

1.c4 e6 2.Nf3 d5 3.d4 dxc4 4.Nc3 a6 5.a4 Nf6 6.e3 c5 7.Bxc4 Nc6 8.O-O Qc7
9.Qe2 b6 10.Bd2 Bb7 11.Rac1 Bd6 12.dxc5 bxc5 13.h3 O-O 14.Rfd1 Rfd8 15.Be1 Ne7
16.Ba2 Bc6 17.Nd2 Nf5 18.Nc4 Bh2+ 19.Kh1 Nh4 20.f4 Rxd1 21.Qxd1 Rd8 22.Qc2 Nxg2
23.Kxh2 Nxe3 24.Nxe3 Qxf4+ 25.Bg3 Ng4+ 26.Nxg4 Rd2+ 27.Nf2 Qf3 28.Qe4 Rxf2+
29.Bxf2 Qxf2+ 30.Kh1 Bxe4+  0-1

[Event "Montecatini Terme op"]
[Site "Montecatini Terme"]
[Date "1997.08.06"]
[Round "6"]
[White "Sarno, Spartaco"]
[Black "Arlandi, Ennio"]
[Result "1/2-1/2"]
[WhiteElo "2400"]
[BlackElo "2470"]

1.c4 e6 2.Nf3 d5 3.b3 Be7 4.Bb2 Bf6 5.Nc3 Ne7 6.d4 g6 7.e4 O-O 8.Qd2 Bg7
9.Rd1 b6 10.Bd3 Bb7 11.O-O c6 12.Ne2 Nd7 13.Ng3 dxe4 14.Nxe4 Nf5 15.Bc3 Nf6
16.Qb2 Nxe4 17.Bxe4 Qe7 18.Qc2 Nd6  1/2-1/2

[Event "MK Cafe op-A"]
[Site "Koszalin"]
[Date "1997.08.09"]
[Round "8"]
[White "Poluljahov, Aleksandr"]
[Black "Loeffler, Stefan"]
[Result "1-0"]
[WhiteElo "2510"]
[BlackElo "2400"]

1.c4 e6 2.Nf3 d5 3.g3 dxc4 4.Bg2 a6 5.a4 Nf6 6.Qc2 c5 7.Ne5 Qc7 8.Nxc4 Nc6
9.a5 Bd7 10.d3 Nd4 11.Qd1 Bc6 12.Bf4 Qd8 13.e4 Nd7 14.O-O Be7 15.Nd6+ Bxd6
16.Bxd6 Nb5 17.Bf4 Qf6 18.Nd2 Qxb2 19.Nc4 Qd4 20.Be3 Qf6 21.f4 Qe7 22.Rc1 Rd8
23.Ne5 Nxe5 24.fxe5 Nd4 25.Qg4 f6 26.exf6 gxf6 27.Qh5+ Qf7 28.Rxc5 Qxh5 29.Rxh5 O-O
30.Bh3 Be8 31.Rh6 Kg7 32.Rh4 h5 33.g4 Nc2 34.Bc5  1-0